Statistiques concernant Trouve le nom de ces arbres en un temps record !

Cliquez ici pour prendre le quiz!

Statistiques générales

  • Ce quiz a été pris 91 fois
  • Le résultat moyen est 10 sur 16

Statistiques - réponses

Réponse% Correct
Sapin
88%
Chêne
86%
Baobab
82%
Pin
73%
Prunier
73%
Figuier
72%
Pommier
71%
Cocotier
67%
Chataignier
54%
Saule pleureur
54%
Avocatier
53%
Litchi
53%
Bonsai
51%
Glycine
49%
Arbousier
26%
Cerisier japonais
4%

Distribution des résultats

Percentile par nombre de réponses

% des personnes avec chaque résultat

Votre développement - résultats

Vous n’avez pas pris ce quiz